| 000 | 00837nam a22002297a 4500 | ||
|---|---|---|---|
| 003 | OSt | ||
| 005 | 20210306190916.0 | ||
| 008 | 210306s2008 ck ao||gr|||| 000 0 spa d | ||
| 040 |
_aCO-JMCR _cCO-JMCR |
||
| 041 | 0 | _aspa | |
| 082 | 0 | 4 |
_a676.2 / _bE487c |
| 100 | 1 |
_aElorza, Luisa, _eautor _914502 |
|
| 245 | 1 | 0 |
_a40 años dejando huella en Colombia / _c[textos, Luisa Elorza, Cristina Macías] |
| 246 | 2 | _acuarenta años dejando huella en Colombia | |
| 260 |
_a[Bogotá] : _bColombiana Kimberly Colpapel, _c2008 |
||
| 300 |
_a119 páginas : _bfotografías a color ; _c31 cm |
||
| 610 | 2 | 4 |
_aColombiana Kimberly Colpapel _xhistoria _914503 |
| 610 | 2 | 4 |
_aColombiana Kimberly Colpapel _xhomenajes _914504 |
| 650 | 1 | 4 |
_aIndustria de los productos de papel _zColombia _914505 |
| 700 | 1 |
_aMacías, Cristina, _eautora _914506 |
|
| 942 |
_2ddc _cBK |
||
| 999 |
_c7481 _d7481 |
||